000 00359nam a2200145Ia 4500
008 260319s9999 xx 000 0 und d
020 _a9.7893859983e+012
082 _a629.8
_bASAT/C
100 _aSatyanarayana,P.S
245 0 _aControl System Engineering
250 _a2nd Edition
260 _aNew Delhi
_bMedtech
_c2017
300 _a368p.
942 _cBK
999 _c50841
_d50841